LEADER 01119nam0 2200289 450 001 000024009 005 20090306092602.0 010 $a88-420-4795-3 100 $a20090306d1995----km-y0itay50------ba 101 0 $aita 102 $aIT 105 $ay-------001yy 200 1 $a<>finanza americana tra gli anni Ottanta e i Novanta$einstabilità e riforme$fAlessandro Roselli$gpresentazione di Giangiacomo Nardozzi 210 $aMilano$cCariplo$d1995 215 $aXI, 207 p.$d25 cm 225 2 $aCollana internazionale di saggi monetari creditizi e bancari$i2. Ser$v5 410 0$12001$aCollana internazionale di saggi monetari creditizi e bancari 500 10$a<>finanza americana tra gli anni Ottanta e i Novanta$945199 610 1 $aFinanza$aStati Uniti d'America$aSec. 20. 676 $a332.0973$v20 700 1$aRoselli,$bAlessandro$4070$0116889 702 1$aNardozzi,$bGiangiacomo 801 0$aIT$bUNIPARTHENOPE$c20090305$gRICA$2UNIMARC 912 $a000024009 951 $a122/87$b184-L-Va$cNAVA2$d2009 996 $aFinanza americana tra gli anni Ottanta e i Novanta$945199 997 $aUNIPARTHENOPE LEADER 00903nam0-22002891i-450 001 990004949420403321 005 20180417111450.0 010 $a0-85224-334-0 035 $a000494942 035 $aFED01000494942 100 $a19990530d1977----km-y0itay50------ba 101 0 $aeng 102 $aGB 105 $ayf------001yy 200 1 $aLiterature and the delinquent$ethe picaresque novel in Spain and Europe 1599-1753$fAlexander A. Parker 210 $aEdimburgh$cEdimburgh University press$d1977 215 $aX, 195 p., [5] c. di tav.$d18 cm 610 0 $aRomanzi picareschi$aEuropa$a1599-1753 676 $a809.387$v22 700 1$aParker,$bAlexander Augustine$0158547 801 0$aIT$bUNINA$gRICA$2UNIMARC 901 $aBK 912 $a990004949420403321 952 $a809.387 PAR 1$bIst.f.m.30725$fFLFBC 959 $aFLFBC 996 $aLiterature and the delinquent$9527480 997 $aUNINA